| 000 | 00666cam a22002051 4500 | ||
|---|---|---|---|
| 001 | 46290 | ||
| 090 | _a46290 | ||
| 100 | _a19761201d1976 em y0pory5003 ba | ||
| 101 | 1 | _apor | |
| 102 | _aPT | ||
| 200 | 1 |
_aO Carvalho e o Bezerro _eesboços da vida literária _fAlexander Isalevitch Soljenitsine _gtrad. Octávio Mendes Cajado _grev. Ayala Monteiro |
|
| 210 | 9 |
_aAmadora _cBertrand, _d1976 |
|
| 215 |
_a591, [2] p. _d22 cm |
||
| 225 | 2 | _aDocumentos de todos os tempos | |
| 675 | _a821.161.1-9 | ||
| 700 | 1 |
_aSolzhenitsyn, _bAlexander, _f1918-2008 |
|
| 702 | 1 |
_aCajado, _bOctávio Mendes, _f1915- _4730 |
|
| 702 | 1 |
_aMonteiro, _bAyala, _f1957- _4640 |
|
| 801 | 0 |
_aPT _bBN _gRPC |
|
| 990 | _cLIVROS | ||